[Event "HUN-chT3 0001"]
[Site "Hungary"]
[Date "2001.03.04"]
[Round "8.2"]
[White "Bereczki, Janos"]
[Black "Kolus, Lajos"]
[Result "1/2-1/2"]
[WhiteElo "2141"]
[BlackElo "2200"]
[PlyCount "171"]
[EventDate "2000.10.29"]
[EventType "team"]
[EventRounds "11"]
[EventCountry "HUN"]
[SourceTitle "EXT 2007"]
[Source "ChessBase"]
[SourceDate "2006.11.23"]
[SourceVersion "1"]
[SourceVersionDate "2006.11.23"]
[SourceQuality "1"]

1. d4 Nf6 2. Nf3 g6 3. g3 Bg7 4. Bg2 c5 5. c3 cxd4 6. cxd4 0-0 7. 0-0 d6 8. Nc3 Qa5 9. Qb3 Nbd7 10. Bd2 a6 11. Rac1 Qd8 12. Rfd1 Rb8 13. a4 b6 14. e4 Bb7 15. d5 Nc5 16. Qc2 Rc8 17. Ne1 b5 18. axb5 axb5 19. b4 Na4 20. Qb3 Nxc3 21. Bxc3 Qd7 22. Bd4 Ra8 23. f3 Ra4 24. Bb6 Ne8 25. Rc2 h5 26. Rdc1 Ra6 27. Ba5 Bd4+ 28. Kh1 h4 29. Qd3 Bb6 30. Bxb6 Rxb6 31. gxh4 Ra6 32. f4 Ra4 33. Rb1 Nf6 34. Nf3 Rfa8 35. Nd4 Nh5 36. Qxb5 Qxb5 37. Nxb5 Ba6 38. Nc3 Bd3 39. Nxa4 Bxc2 40. Nb6 Rb8 41. Rc1 Rxb6 42. Rxc2 Rxb4 43. Rf2 Rb1+ 44. Rf1 Rxf1+ 45. Bxf1 Nxf4 46. Kg1 Kg7 47. Kf2 Kf6 48. Ke3 Ke5 49. Kf3 f5 50. exf5 gxf5 51. Bc4 Nh5 52. Bb3 Nf6 53. Ba2 Ng4 54. h5 Nxh2+ 55. Kg3 Ng4 56. Kf3 Nh6 57. Bb3 Nf7 58. Ba2 Ng5+ 59. Kg3 Ne4+ 60. Kf3 Nf6 61. h6 Nh7 62. Bb3 Kf6 63. Kf4 Nf8 64. Bc2 Ng6+ 65. Kg3 Kg5 66. h7 Nh8 67. Kf3 Ng6 68. Kg3 Kf6 69. Kf3 Kg7 70. Bxf5 Kxh7 71. Kg4 Kg7 72. Kg5 Ne5 73. Bc8 Nd3 74. Kf5 Nc5 75. Kg5 Kf7 76. Kf5 Ke8 77. Kf4 Kd8 78. Bf5 Nd7 79. Ke4 Nf6+ 80. Kd4 Kc7 81. Be6 Kb6 82. Bf7 Kb5 83. Be6 Kb4 84. Bf7 Nd7 85. Ke4 Kc4 86. Kf5 1/2-1/2

[Event "HUN-chT3 0001"]
[Site "Hungary"]
[Date "2000.12.03"]
[Round "4.1"]
[White "Kolus, Lajos"]
[Black "Laszlo, Imre"]
[Result "1/2-1/2"]
[WhiteElo "2200"]
[BlackElo "2140"]
[PlyCount "134"]
[EventDate "2000.10.29"]
[EventType "team"]
[EventRounds "11"]
[EventCountry "HUN"]
[SourceTitle "EXT 2007"]
[Source "ChessBase"]
[SourceDate "2006.11.23"]
[SourceVersion "1"]
[SourceVersionDate "2006.11.23"]
[SourceQuality "1"]

1. c4 e5 2. Nc3 Nc6 3. g3 g6 4. Bg2 Bg7 5. Nf3 d6 6. d3 Nge7 7. Rb1 0-0 8. 0-0 Bg4 9. h3 Bxf3 10. Bxf3 Rb8 11. b4 Nd4 12. Bg2 Qd7 13. b5 Kh8 14. e3 Ne6 15. Nd5 g5 16. Nxe7 Qxe7 17. e4 b6 18. Be3 a5 19. Kh1 Rg8 20. Bf3 Qf6 21. Bg4 Bh6 22. Bf5 Rbd8 23. Qd2 Ng7 24. Bg4 Ne6 25. Rbd1 Qe7 26. Qe2 Qf6 27. Bf5 Ng7 28. Qg4 Ne6 29. Rd2 Rde8 30. Rfd1 Nd4 31. Bxd4 exd4 32. Kg2 Kg7 33. Re2 Rh8 34. Rde1 Kf8 35. Qh5 Bg7 36. Rf1 Qh6 37. Qg4 Be5 38. Rh1 Rg8 39. h4 gxh4 40. Qxh4 Qxh4 41. Rxh4 Rh8 42. Rxh7 Rxh7 43. Bxh7 Kg7 44. Bf5 Bf6 45. f4 Bd8 46. Re1 Rh8 47. Bh3 Bf6 48. Rf1 Kf8 49. g4 Ke7 50. g5 Bg7 51. Re1 f6 52. g6 Rh6 53. Bf5 Rh4 54. Kg3 Rh6 55. Rf1 Rh8 56. Rg1 Rh6 57. a3 Rh8 58. Re1 Rh6 59. c5 dxc5 60. e5 fxe5 61. fxe5 Rh5 62. Kg4 Rh2 63. Kf4 Rh4+ 64. Bg4 Rh6 65. Kg5 Rh2 66. Rf1 Bh6+ 67. Kf5 Rh4 1/2-1/2

[Event "HUN-chT3 9900"]
[Site "Hungary"]
[Date "1999.11.14"]
[Round "4"]
[White "Torma, Robert"]
[Black "Kolus, Lajos"]
[Result "1/2-1/2"]
[WhiteElo "2056"]
[BlackElo "2200"]
[PlyCount "168"]
[EventDate "1999.09.26"]
[EventType "team"]
[EventRounds "11"]
[EventCountry "HUN"]
[SourceTitle "EXT 2002"]
[Source "ChessBase"]
[SourceDate "2001.11.25"]
[SourceVersion "1"]
[SourceVersionDate "2001.11.25"]
[SourceQuality "1"]

1. e4 d6 2. d4 Nf6 3. Nc3 g6 4. f4 Bg7 5. Nf3 0-0 6. e5 Nfd7 7. Bc4 Nb6 8. Bb3 d5 9. 0-0 Nc6 10. Be3 Na5 11. Nd2 c6 12. Ne2 Nac4 13. Bxc4 dxc4 14. Ng3 Nd5 15. Qe1 b5 16. Nde4 h5 17. Nc5 Bh6 18. c3 a5 19. a3 Rb8 20. Nge4 f5 21. Nd2 e6 22. g3 Rf7 23. Nf3 Ra7 24. Ng5 Bxg5 25. fxg5 Rf7 26. Bf4 Qe8 27. h4 Kg7 28. Rf2 Ra7 29. Rc2 Qe7 30. Qc1 Nb6 31. Rd2 Ba6 32. Qd1 Kf7 33. Be3 Nd5 34. Bf4 Raa8 35. Qc1 Rb6 36. Rc2 Bc8 37. Qd2 Rbb8 38. Qe2 Nc7 39. Kh2 Ba6 40. Qd2 Rd8 41. Qf2 Nd5 42. Qd2 Rdb8 43. Qf2 Bc8 44. Qe2 Qd8 45. Kh3 Nc7 46. Kh2 Qd5 47. Qg2 Qd8 48. Qe2 Ke7 49. Kh3 Na6 50. Rd2 Qd5 51. Qg2 Bd7 52. Qxd5 cxd5 53. Nxa6 Rxa6 54. Rdd1 Rba8 55. Bd2 Kd8 56. Rac1 Kc7 57. Kg2 Rb8 58. Ra1 Bc6 59. Kf2 Rab6 60. Ke3 R8b7 61. Be1 b4 62. cxb4 axb4 63. Bxb4 Ba4 64. Ba5 Bxd1 65. Rxd1 Kc6 66. Bxb6 Rxb6 67. Rd2 Rb3+ 68. Kf2 Kb5 69. Kg2 Ka4 70. Kf2 Rb8 71. Ke1 Kb3 72. Kd1 Ka2 73. Kc1 Rb3 74. Rg2 Rd3 75. a4 Rb3 76. a5 Rb8 77. b4+ Ka3 78. Rb2 Ka4 79. Kc2 Kb5 80. Kc3 Rf8 81. Rf2 Rf7 82. Rf1 Rb7 83. Rb1 Ka6 84. Rb2 Kb5 1/2-1/2